The artist in the machine : The world of AI-powered Creativity (Record no. 23582)
[ view plain ]
| 000 -LEADER | |
|---|---|
| fixed length control field | 00794cam a2200193 i 4500 |
| 020 ## - INTERNATIONAL STANDARD BOOK NUMBER | |
| ISBN | 9780262042857 |
| 020 ## - INTERNATIONAL STANDARD BOOK NUMBER | |
| ISBN | 9780262539623 |
| 082 00 - DEWEY DECIMAL CLASSIFICATION NUMBER | |
| Classification number | 776 |
| Author Cutter | MIL |
| 100 1# - MAIN ENTRY--AUTHOR NAME | |
| Author name | Miller, Arthur I., |
| 245 14 - TITLE STATEMENT | |
| Title | The artist in the machine : The world of AI-powered Creativity |
| 260 ## - PUBLICATION, DISTRIBUTION, ETC. (IMPRINT) | |
| Place of publication | U.S.A |
| Name of publisher | MIT Press |
| Year of publication | 2020 |
| 300 ## - PHYSICAL DESCRIPTION | |
| Number of Pages | xxviii, 399 pages : |
| Other physical details | illustrations ; |
| 505 2# - FORMATTED CONTENTS NOTE | |
| Formatted contents note | Understanding creativity -- Portrait of the computer as an artist -- Machines that make music : putting the 'rhythm into 'algorithm' -- Once upon a time : computers that tell stories -- The world's first computer-composed musical : Beyond the fence, staged by Android Lloyd Webber and friends. |
| 650 #0 - SUBJECT ADDED ENTRY--TOPICAL TERM | |
| Topical Term | Art and computers. |
| 650 #0 - SUBJECT ADDED ENTRY--TOPICAL TERM | |
| Topical Term | Creative ability. |
| 650 #0 - SUBJECT ADDED ENTRY--TOPICAL TERM | |
| Topical Term | Computer art. |
| 942 ## - ADDED ENTRY ELEMENTS (KOHA) | |
| Koha item type | Books |
| Home library | Current library | Shelving location | Date acquired | Source of acquisition | Cost, normal purchase price | Full call number | Accession Number | Koha item type |
|---|---|---|---|---|---|---|---|---|
| Henry Martyn Institute Library | Henry Martyn Institute Library | General stacks | 09/26/2025 | Kohinoor Book Distributor | 2476.00 | 776 MIL | 26025 | Books |
